000 00486nam a2200181Ia 4500
001 23359
005 20260414150932.0
008 260414t2016||||xx |||||||||||||| ||spa||
041 _aESP
082 _a629.892
_bA75 2016
100 _aArnáez Braschi, Enrique Luis
_eAUT
245 0 _aEnfoque práctico de la teoría de robots :
_bcon aplicaciones en Matlab
260 _c2016
300 _a174 páginas :
_c28 cm.
650 _aCNM
654 _aCCN
942 _cLIB
_dJUS
_fJUS
_2ddc
_n
999 _c23359
_d23359